000 00760nam a2200265Ia 4500
003 OSt
005 20221006160129.0
006 a|||||r|||| 00| 0
007 ta
008 221006b |||||||| |||| 00| 0 kor d
020 _a9781565913042
_cW16,500
024 _a44,387
037 _bGift, KCC (Window on Korea)
_cTextual
040 _aEASL
_cEASL
_bkor
041 _2kor
_akor
082 _aP495:4k, Q0
100 _aKIM Jung Suo
_9672027
245 0 _aKorean conversation dictionary for foreigners
260 _aSeoul
_bHollym
_c2010
300 _a591p.
_ccm.
650 _a KL
650 _aKorean dictionary
_9672028
942 _hP495:4k, Q0
_cTEXL
_2CC
999 _c1112479
_d1112479